Teatro /

Salvato in:
Dettagli Bibliografici
Autore principale: Müller, Heiner (Autore)
Natura: Libro
Lingua:italiano
Pubblicazione: Milano : Ubulibri, stampa 1984
Serie:I testi Ubulibri
Soggetti:
Tags: Aggiungi Tag
Nessun Tag, puoi essere il primo ad aggiungerne!!

MARC

LEADER 00000nam a22000007i 4500
001 IT\ICCU\TO0\0598693
003 ItRI
005 20260115232446.0
008 980205s1984 it |||||| ||||| |||||c
040 |b ita  |c importazione bologna sebina 
041 7 |a ita  |2 ISO-639-2 
082 |a 832.914  |9 LETTERATURA DRAMMATICA TEDESCA, 1945-1990  |2 21 
100 1 |a Müller, Heiner  |0 IT\ICCU\CFIV\110731  |4 aut 
245 1 0 |a Teatro /  |c Heiner Müller. 
260 |a Milano :  |b Ubulibri,  |c stampa 1984 
300 |a X, 133 p. ;  |c 22 cm 
500 |a Contiene: Filottete ; L'Orazio ; Mauser ; La missione ; Quartetto 
650 7 |a Müller, Heiner 
830 2 |a I testi Ubulibri  |0 IT\ICCU\RAV\0100570 
942 |2 ddc  |c BK  |n 0 
952 |0 0  |1 0  |4 0  |6 DOC_832_900000000000000_MUL  |7 0  |9 26132  |a BO  |b BO  |d 2026-01-15  |i 15845  |l 0  |o DOC 832.9 MUL  |p BO15845  |r 2026-01-15 23:24:46  |w 2026-01-15  |x [Sebina 5] [1 v.]  |y BK  |z 1 v. 
999 |c 22118  |d 22118